Calcutta Statistical Association Bulletin / (Record no. 231489)
[ view plain ]
| 000 -LEADER | |
|---|---|
| fixed length control field | 00939nam a22002177a 4500 |
| 003 - CONTROL NUMBER IDENTIFIER | |
| control field | OSt |
| 005 - DATE AND TIME OF LATEST TRANSACTION | |
| control field | 20240722154332.0 |
| 008 - FIXED-LENGTH DATA ELEMENTS--GENERAL INFORMATION | |
| fixed length control field | 240722b ||||| |||| 00| 0 eng d |
| 022 ## - INTERNATIONAL STANDARD SERIAL NUMBER | |
| Source | 00080683 |
| 040 ## - CATALOGING SOURCE | |
| Transcribing agency | AIMIT LIBRARY |
| 082 ## - DEWEY DECIMAL CLASSIFICATION NUMBER | |
| Classification number | 658 |
| Item number | CALB |
| 110 ## - MAIN ENTRY--CORPORATE NAME | |
| Corporate name or jurisdiction name as entry element | Calcutta Statistical Association |
| 9 (RLIN) | 173898 |
| 245 ## - TITLE STATEMENT | |
| Title | Calcutta Statistical Association Bulletin / |
| Statement of responsibility, etc. | By Calcutta Statistical Association. |
| 260 ## - PUBLICATION, DISTRIBUTION, ETC. | |
| Place of publication, distribution, etc. | New Delhi : |
| Name of publisher, distributor, etc. | Sage Publications , |
| Date of publication, distribution, etc. | 2019. |
| 300 ## - PHYSICAL DESCRIPTION | |
| Other physical details | HB |
| Dimensions | 24.4 cm. |
| 440 ## - SERIES STATEMENT/ADDED ENTRY--TITLE | |
| Title | Calcutta Statistical Association Bulletin |
| Volume/sequential designation | Vol.70 No.1-2/2018 |
| 9 (RLIN) | 173899 |
| 650 ## - SUBJECT ADDED ENTRY--TOPICAL TERM | |
| Topical term or geographic name entry element | Power analysis of collapsed ordered categories with application to cancer data |
| 9 (RLIN) | 173900 |
| 650 ## - SUBJECT ADDED ENTRY--TOPICAL TERM | |
| Topical term or geographic name entry element | Clustering mixed datasets using homogeneity analysis with applications to big data |
| 9 (RLIN) | 173901 |
| 650 ## - SUBJECT ADDED ENTRY--TOPICAL TERM | |
| Topical term or geographic name entry element | Pricing geometric Asian options under mixed fractional browniah motion environment with superimposed jumps |
| 9 (RLIN) | 173902 |
| 942 ## - ADDED ENTRY ELEMENTS (KOHA) | |
| Source of classification or shelving scheme | Dewey Decimal Classification |
| Koha item type | Bound Volume |
| Call number prefix | 658 CALB |
| Withdrawn status | Lost status | Source of classification or shelving scheme | Damaged status | Not for loan | Collection code | Home library | Current library | Shelving location | Date acquired | Inventory number | Total Checkouts | Full call number | Barcode | Date last seen | Price effective from | Koha item type |
|---|---|---|---|---|---|---|---|---|---|---|---|---|---|---|---|---|
| Dewey Decimal Classification | MBA | St Aloysius Institute of Management & Information Technology | St Aloysius Institute of Management & Information Technology | Bound Volume Section | 07/22/2024 | Vol.70 No.1-2/2018 | 658 CALB | BVM1089 | 07/22/2024 | 07/22/2024 | Bound Volume |